00419cam a22000977a 4500008004000000082002000040245012800060260006400188300001100252700005800263180718b1963 xxu||||| |||| 00| 0 eng d aLoox54 In2/1963 aCompilation of the general financial rules( revised and enlarged)cby Ministry of Finance, Department of Expenditure, India aDelhibMinistry of Finance, Department of Expenditurec1963 a239+p. aIndia. Department of Expenditure. Ministry of Finance